Business statistics

Gespeichert in:
Bibliographische Detailangaben
1. Verfasser: Sharpe, Norean
Weitere Verfasser: De Veaux, Richard D., Velleman, Paul
Format: Buch
Sprache:Englisch
Veröffentlicht: Boston Pearson/Addison-Wesley 2012
Ausgabe:2nd ed.
Schlagworte:
Tags: Tag hinzufügen
Keine Tags, Fügen Sie das erste Tag hinzu!

MARC

LEADER 00000nam a2200000 4500
001 0125166
005 20240503114017.6
020 |a 978-0-321-76272-6 
020 |a 0-321-76272-X 
041 0 |a eng 
044 |a US 
245 1 0 |a Business statistics  |c Norean Sharpe, Richard D. De Veaux, Paul Velleman 
250 |a 2nd ed. 
264 1 |a Boston  |b Pearson/Addison-Wesley  |c 2012 
300 |a 879 s.  |e 1 Student access kit 
610 2 0 |a štatistika podniková 
610 2 0 |a rozhodovanie podnikové 
610 2 0 |a zber dát 
610 2 0 |a pravdepodobnosť 
610 2 0 |a modely rozhodovania 
610 2 0 |a riziko 
610 2 0 |a štúdie prípadové 
100 1 |a Sharpe, Norean 
700 1 |a De Veaux, Richard D. 
700 1 |a Velleman, Paul